Anesthesiology core review : (رقم التسجيلة. 37284)

تفاصيل مارك
000 -فاتح التسجيلة
الفاتح 00555 a2200157 4500
008 - عناصر البيانات ثابتة الطول
عناصر البيانات ثابتة الطول 150713s2014 nyua g b 001 0 eng d
020 ## - ردمك
ردمك 9781259254642
082 00 - رقم تصنيف ديوي العشري
رقم تصنيف ديوي 617.96
اصدار خطة التصنيف 22
رقم المادة FBA
100 1# - المؤلف - اسم شخصي (مدخل رئيسي)
الاسم (اسم العائلة، الاسماء الاولى Freeman, Brian S.
245 10 - العنوان
العنوان الفعلي Anesthesiology core review :
بيانات أخرى للعنوان Basic exam /
بيان المسئولية Brian S Freeman, Jeffrey S Berger.
260 ## - بيانات النشر
مكان النشر New York :
الناشر McGraw-Hill Education Medical,
التاريخ 2014.
300 ## - الوصف المادي
التعداد xxi, 563 p. :
بيانات مادية أخرى ill. ;
اﻷبعاد 24 cm.
650 #0 - رأس موضوع - مصطلح موضوعي
الموضوع Anesthesiology
تقسيم فرعي عام Examinations, questions, etc
700 1# - مدخل اضافي - المؤلف اسم شخصي
إسم الشخص Berger, Jeffrey S.
942 ## - مداخل إضافية خاصة بكوها
Koha [default] item type كتاب
100 1# - المؤلف - اسم شخصي (مدخل رئيسي)
-- 48500
650 #0 - رأس موضوع - مصطلح موضوعي
-- 48501
700 1# - مدخل اضافي - المؤلف اسم شخصي
-- 48502
المقتنيات
حالة اﻹلغاء مادة مفقودة مصدر خطة التصنيف أو الترفيف حالة التلف غير مسموح باﻹعارة موقع غير دائم الموقع الحالي تاريخ التزويد إجمالي اﻹعارات رقم الطلب بالكامل الباركود آخر تاريخ للعرض رقم النسخة السعر فعال من تاريخ نوع المادة في كوها
    Dewey Decimal Classification   Not For Loan المكتبة المركزية بالمجمعة (CL) المكتبة المركزية بالمجمعة (CL) 2015-07-13   617.96 FBA 00212527 2015-07-13 1 2015-07-13 كتاب
    Dewey Decimal Classification     المكتبة المركزية بالمجمعة (CL) المكتبة المركزية بالمجمعة (CL) 2015-07-13   617.96 FBA 00212526 2015-07-13 2 2015-07-13 كتاب
    Dewey Decimal Classification     المكتبة المركزية بالمجمعة (CL) المكتبة المركزية بالمجمعة (CL) 2015-07-13   617.96 FBA 00212525 2015-07-13 3 2015-07-13 كتاب